5HLuxD.jpg

KING HENRY VIII SENIOR AND PRIMARY SCHOOL LIBRARY OPAC

I AM NOT SLEEPY AND I WILL NOT GO TO BED (Record no. 5529)

000 -LEADER
fixed length control field 00378nam a22001217a 4500
008 - FIXED-LENGTH DATA ELEMENTS--GENERAL INFORMATION
fixed length control field 250926b ||||| |||| 00| 0 eng d
020 ## - INTERNATIONAL STANDARD BOOK NUMBER
International Standard Book Number 9781408351543
082 ## - DEWEY DECIMAL CLASSIFICATION NUMBER
Classification number 823.92 CHI
100 ## - MAIN ENTRY--PERSONAL NAME
Personal name CHILD,LAUREN
Relator term AUTHOR
Language of a work ENGLISH
245 ## - TITLE STATEMENT
Title I AM NOT SLEEPY AND I WILL NOT GO TO BED
260 ## - PUBLICATION, DISTRIBUTION, ETC.
Place of publication, distribution, etc. CARMELITE HOUSE,50 VICTORIA EMBANKMENT,LONDON EC4Y 0DZ
Name of publisher, distributor, etc. ORCHARD BOOKS
Date of publication, distribution, etc. 2017
942 ## - ADDED ENTRY ELEMENTS (KOHA)
Source of classification or shelving scheme
Holdings
Withdrawn status Lost status Source of classification or shelving scheme Damaged status Not for loan Collection code Permanent Location Current Location Shelving location Date acquired Total Checkouts Full call number Barcode Date due Date last seen Date last checked out Price effective from Koha item type Public note
          Fiction KH8 Primary School Library KH8 Primary School Library Fiction 2025-09-26 2 823.92 CHI KHPL000007223 2026-04-27 2026-04-17 2026-04-17 2025-09-26 Books - Fiction PRIMARY LIBRARY

Powered By KH8 IT Dept